PR-SOF-1661-Human Posture Recognition & Gait Analysis (Record no. 578086)
[ view plain ]
| 000 -LEADER | |
|---|---|
| fixed length control field | 00397nam a22001217a 4500 |
| 082 ## - DEWEY DECIMAL CLASSIFICATION NUMBER | |
| Classification number | 220 PRO |
| 100 ## - MAIN ENTRY--PERSONAL NAME | |
| Personal name | HAIDER ALI AFZAL SAAD SYED UZAIR MEHDI MUHAMMAD ALI KHAN |
| 9 (RLIN) | 71714 |
| 245 ## - TITLE STATEMENT | |
| Title | PR-SOF-1661-Human Posture Recognition & Gait Analysis |
| 260 ## - PUBLICATION, DISTRIBUTION, ETC. | |
| Place of publication, distribution, etc. | ISLAMABAD |
| Name of publisher, distributor, etc. | NUST COLLEGE OF EME |
| Date of publication, distribution, etc. | 2017 |
| 650 ## - SUBJECT ADDED ENTRY--TOPICAL TERM | |
| Topical term or geographic name entry element | DE-COMP-35 |
| 700 ## - ADDED ENTRY--PERSONAL NAME | |
| Personal name | Supervised DR. ALI HASSAN DR. SAAD REHMAN |
| 9 (RLIN) | 71715 |
| 942 ## - ADDED ENTRY ELEMENTS (KOHA) | |
| Koha item type | Continuing Resources |
| Withdrawn status | Lost status | Damaged status | Not for loan | Permanent Location | Current Location | Shelving location | Date acquired | Total Checkouts | Full call number | Barcode | Date last seen | Price effective from | Koha item type |
|---|---|---|---|---|---|---|---|---|---|---|---|---|---|
| College of Electrical & Mechanical Engineering (CEME) | College of Electrical & Mechanical Engineering (CEME) | Reference | 12/06/2019 | 220 PRO | PR-SOF-1661 | 06/28/2021 | 06/28/2021 | Continuing Resources |
